000 00890nac a22002771i 4500
003 EG-ScBUE
005 20250702091017.0
008 250630t2005 maua f 000 0 eng d
020 _a0618399437
020 _a9780618399437
040 _aEG-ScBUE
_beng
_erda
_cEG-ScBUE
_dEG-ScBUE
082 0 4 _a540
_bKRA
_222
100 1 _aKrannich, Larry K.,
_d1942-
_eauthor.
245 1 0 _aGeneral chemistry /
_cLarry K. Krannich, University of Alabama at Birmingham.
250 _aEighth edition.
264 1 _aBoston, Massachusetts :
_bHoughton Mifflin Company,
_c[2005]
264 4 _cc2005
300 _axviii, 598 pages :
_billustrations ;
_c23 cm.
336 _2rdacontent
_atext
_btxt
337 _aunmediated
_2rdamedia
_bn
338 _avolume
_bnc
_2rdacarrier
490 0 _aStudy guide
650 7 _aChemistry
_xProblems, exercises, etc.,
_2BUEsh
655 _vReading book
942 _cBB
_2ddc
999 _c2454
_d2454